Alliterative People Quiz Stats

 Plays Quiz Updated Aug 29, 2016

Challenge
Share
Tweet
Embed
Score 0/15 Timer 05:00
1 Play Today
Clever Clues Alliterative Answer % Correct
Cartoon caveman, yells 'Yabba, dabba doo!'Fred Flintstone
92.1%
Cartoon character, steered steamboat, Minnie's manMickey Mouse
91.8%
Proficient president, goaded Gorbachev, also actorRonald Reagan
84.9%
Austrian Archduke, awful assassination, didn't duckFranz Ferdinand
71.4%
Spanish superstar, cultivated cubism, glorious 'guitar'Pablo Picasso
70.1%
Heavyweight hero, Louisville lip, a.k.a 'Ali'Cassius Clay
69.2%
Super singer, Houston's (ex)husband, prevalent prerogative Bobby Brown
68.3%
Cartoon character, Puff's pupil, Patrick's palSpongeBob SquarePants
66.5%
Clever Clues Alliterative Answer % Correct
Dublin dude, nifty novelist, famous FinnegansJames Joyce
52.2%
Friendly foodie, celebrity chef, meals in minutesRachael Ray
48.3%
Magnificent mime, silent sort, 'bip' boppedMarcel Marceau
45.2%
Missouri miscreant, bank bandit, Ford finishedJesse James
44%
American actress, divorced DiMaggio, married MillerMarilyn Monroe
37.2%
Distinguished detective, Hammett's hero, Falcon finderSam Spade
34.5%
Tenacious twin, Plastics pretender, Herbie's handlerLindsay Lohan
34%

You're not logged in!

Compare scores with friends on all Sporcle quizzes.
OR
Log In

You Might Also Like...

Show Comments

Extras

Top Quizzes Today


Score Distribution

Your Account Isn't Verified!

In order to create a playlist on Sporcle, you need to verify the email address you used during registration. Go to your Sporcle Settings to finish the process.

Report this User

Report this user for behavior that violates our Community Guidelines.

Details: